000 00542 a2200169 4500
003 NUST
005 20230124144003.0
040 _cNust
082 _a808.83,DUH
100 _aDuhamel, Georgeas
_9107535
245 _aSalavin /
_cGeorges Duhamel
260 _aLondon
_bJ.M Dent& Sons
_c1932
300 _a436:p.
505 _aBook-1: Confession At Midnight (Page-3), Book-2: Salavin’s Journal (Page-87), Book-3: The Lyonnais Club (Page-181), Book-4: End Of Illusion (Page-315).
650 _aA Novel
_9107173
942 _2ddc
_cBK
_k808.83,DUH
999 _c186890
_d186890